[Event "Muensterland Regionalliga Gr1 2223"]
[Site "Germany"]
[Date "2023.02.25"]
[Round "7.2"]
[White "Hegemann, Eike"]
[Black "Voss, Andreas"]
[Result "0-1"]
[WhiteElo "1913"]
[BlackElo "1819"]
[PlyCount "90"]
[EventDate "2022.09.03"]
[EventType "team-tourn"]
[EventRounds "7"]
[EventCountry "GER"]
[SourceTitle "EXT 2024"]
[Source "ChessBase"]
[SourceDate "2023.10.10"]
[SourceVersion "1"]
[SourceVersionDate "2023.10.10"]
[SourceQuality "1"]
[WhiteTeam "Saerbeck"]
[BlackTeam "Muenster SK IV"]
[WhiteTeamCountry "GER"]
[BlackTeamCountry "GER"]

1. e4 d5 2. exd5 Nf6 3. Bb5+ Bd7 4. Be2 Nxd5 5. d4 g6 6. Nf3 Bg7 7. 0-0 0-0 8. c4 Nb6 9. Nc3 Bg4 10. Qb3 Nc6 11. d5 Bxf3 12. dxc6 Bxc6 13. Rd1 Qc8 14. c5 Nd7 15. Nd5 Re8 16. Be3 a5 17. Bc4 e6 18. Nf4 Qd8 19. Bd4 a4 20. Qh3 Bxd4 21. Rxd4 Qf6 22. Ne2 Nxc5 23. Rc1 Rad8 24. Rh4 Qg7 25. b4 axb3 26. axb3 b5 27. Qe3 Nb7 28. Bd3 Rd6 29. Nd4 Red8 30. Rxc6 Rxd4 31. Rxd4 Rxd4 32. Rxc7 Nd6 33. g3 Qf6 34. Rc6 Rd5 35. Rb6 Qc3 36. Be2 Qxe3 37. fxe3 Kf8 38. e4 Nxe4 39. Bxb5 Nd6 40. Be2 Ke7 41. Ra6 Rd2 42. Kf1 Rb2 43. Rb6 Ne4 44. Bd3 Nd2+ 45. Ke1 Rxb3 0-1

[Event "Muensterland Verbandsliga playoff"]
[Site "Germany"]
[Date "2022.05.21"]
[Round "3.2"]
[White "Hegemann, Eike"]
[Black "Hagemann, Lars"]
[Result "1-0"]
[WhiteElo "1902"]
[BlackElo "1727"]
[PlyCount "51"]
[EventDate "2022.03.19"]
[EventType "team-tourn"]
[EventRounds "3"]
[EventCountry "GER"]
[SourceTitle "EXT 2023"]
[Source "ChessBase"]
[SourceDate "2022.10.05"]
[SourceVersion "1"]
[SourceVersionDate "2022.10.05"]
[SourceQuality "1"]
[WhiteTeam "Saerbeck"]
[BlackTeam "Nienberge II"]
[WhiteTeamCountry "GER"]
[BlackTeamCountry "GER"]

1. e4 e5 2. Nf3 Nc6 3. Bb5 a6 4. Ba4 Nf6 5. d3 b5 6. Bb3 Be7 7. 0-0 d6 8. c3 0-0 9. Nbd2 Na5 10. Bc2 c5 11. Re1 Nc6 12. a4 Bb7 13. axb5 axb5 14. Rxa8 Qxa8 15. Nf1 Re8 16. Bg5 Nd7 17. Ne3 Qd8 18. Bxe7 Nxe7 19. Bb3 h6 20. Nh4 Nf6 21. Qf3 Qc8 22. Nhf5 Nxf5 23. Nxf5 Qd8 24. Qg3 Nh5 25. Qg6 c4 26. Nxh6+ 1-0

[Event "Muensterland Verbandsliga 1920"]
[Site "Germany"]
[Date "2020.02.01"]
[Round "6.2"]
[White "Hegemann, Eike"]
[Black "Da Costa Campos, Andre"]
[Result "1-0"]
[WhiteElo "1962"]
[BlackElo "1895"]
[PlyCount "115"]
[EventDate "2019.09.07"]
[EventType "team-tourn"]
[EventRounds "7"]
[EventCountry "GER"]
[SourceTitle "EXT 2023"]
[Source "ChessBase"]
[SourceDate "2022.10.05"]
[SourceVersion "1"]
[SourceVersionDate "2022.10.05"]
[SourceQuality "1"]
[WhiteTeam "Saerbeck"]
[BlackTeam "Nienberge II"]
[WhiteTeamCountry "GER"]
[BlackTeamCountry "GER"]

1. e4 e5 2. Nf3 Nc6 3. Bb5 a6 4. Ba4 Nf6 5. d3 Bc5 6. 0-0 d6 7. Be3 Bb6 8. c3 Bd7 9. Nbd2 Ne7 10. Bxb6 cxb6 11. Bxd7+ Qxd7 12. Nc4 Qc7 13. a4 Rc8 14. Qb3 Nxe4 15. dxe4 Qxc4 16. Qxc4 Rxc4 17. Rfd1 Rc6 18. Rd3 Ng6 19. Rad1 Ke7 20. g3 Rd8 21. h4 h5 22. Ne1 Rc4 23. b3 Rxe4 24. Kf1 Rg4 25. Nc2 e4 26. Rd5 Ne5 27. Ne3 Rg6 28. R1d4 Re6 29. Rxe4 g6 30. Rb4 Rc8 31. Rxb6 Rc7 32. Rd4 Rd7 33. Nd5+ Kd8 34. Nf4 Rf6 35. Kg2 Nc6 36. Nd5 Rf5 37. Rd1 Ne7 38. Ne3 Rf6 39. c4 Re6 40. b4 Nc8 41. Nd5 Nxb6 42. Nxb6 Rc7 43. c5 Rc6 44. Nc4 Re4 45. b5 axb5 46. axb5 Rxc4 47. bxc6 bxc6 48. Rxd6+ Kc7 49. Rf6 Rxc5 50. Rxf7+ Kb6 51. Rg7 Rf5 52. Rxg6 Kc7 53. Rg5 Rxg5 54. hxg5 Kd6 55. f4 Ke6 56. Kf3 Kf5 57. Ke3 c5 58. Kd3 1-0

[Event "Muensterland Verbandsklasse 1819"]
[Site "Germany"]
[Date "2019.05.18"]
[Round "9.2"]
[White "Wolf, Sergej"]
[Black "Hegemann, Eike"]
[Result "0-1"]
[WhiteElo "1734"]
[BlackElo "1958"]
[PlyCount "40"]
[EventDate "2018.09.15"]
[EventType "team-tourn"]
[EventRounds "9"]
[EventCountry "GER"]
[SourceTitle "EXT 2020"]
[Source "ChessBase"]
[SourceDate "2019.10.17"]
[SourceVersion "1"]
[SourceVersionDate "2019.10.17"]
[SourceQuality "1"]
[WhiteTeam "Ibbenbueren"]
[BlackTeam "Saerbeck"]
[WhiteTeamCountry "GER"]
[BlackTeamCountry "GER"]

1. d4 d5 2. Nf3 Nf6 3. Bg5 e6 4. e3 Be7 5. c3 0-0 6. Bd3 c5 7. Nbd2 b6 8. Rc1 Bb7 9. Ne5 Ne4 10. Bxe7 Qxe7 11. 0-0 f6 12. Nef3 Nd7 13. c4 f5 14. Ne5 Nxe5 15. dxe5 Rad8 16. Bxe4 fxe4 17. Qg4 Rf5 18. cxd5 Bxd5 19. Nxe4 h5 20. Nf6+ Qxf6 0-1

[Event "Muensterland Verbandsklasse 1819"]
[Site "Germany"]
[Date "2019.02.09"]
[Round "6.2"]
[White "Hegemann, Eike"]
[Black "Sparwel, Oliver"]
[Result "0-1"]
[WhiteElo "1958"]
[BlackElo "1929"]
[PlyCount "82"]
[EventDate "2018.09.15"]
[EventType "team-tourn"]
[EventRounds "9"]
[EventCountry "GER"]
[SourceTitle "EXT 2020"]
[Source "ChessBase"]
[SourceDate "2019.10.17"]
[SourceVersion "1"]
[SourceVersionDate "2019.10.17"]
[SourceQuality "1"]
[WhiteTeam "Saerbeck"]
[BlackTeam "Suedlohn II"]
[WhiteTeamCountry "GER"]
[BlackTeamCountry "GER"]

1. e4 d6 2. d4 Nd7 3. Nf3 e5 4. c3 Ngf6 5. Bd3 Be7 6. 0-0 0-0 7. Nbd2 b6 8. Re1 c5 9. dxe5 dxe5 10. Nc4 Qc7 11. Bg5 Bb7 12. Ne3 g6 13. Qb3 Kg7 14. Nh4 Rae8 15. Nhf5+ gxf5 16. Nxf5+ Kh8 17. Bh6 Rg8 18. Qxf7 Bf8 19. Re3 Bxh6 20. Nxh6 Ref8 21. Qe6 Rg6 22. Rh3 c4 23. Bxc4 Nc5 24. Nf7+ Kg7 25. Qxe5 Rxf7 26. Qxc7 Rxc7 27. f3 Na4 28. e5 Nd7 29. Bd3 Rh6 30. Rg3+ Kf7 31. Bc2 Nxb2 32. f4 Rh4 33. Re1 Bd5 34. f5 Bxa2 35. e6+ Kf6 36. e7 Bf7 37. Rg8 Ne5 38. e8Q Bxe8 39. Rxe8 Nbc4 40. g3 Nf3+ 41. Kf2 Nxe1 0-1

[Event "Muensterland Verbandsliga 1617"]
[Site "Germany"]
[Date "2017.02.25"]
[Round "7.1"]
[White "Hegemann, Eike"]
[Black "Sparwel, Oliver"]
[Result "1-0"]
[WhiteElo "1987"]
[BlackElo "1897"]
[PlyCount "87"]
[EventDate "2016.09.10"]
[EventType "team"]
[EventRounds "9"]
[EventCountry "GER"]
[SourceTitle "EXT 2018"]
[Source "ChessBase"]
[SourceDate "2017.10.13"]
[SourceVersion "1"]
[SourceVersionDate "2017.10.13"]
[SourceQuality "1"]
[WhiteTeam "Saerbeck"]
[BlackTeam "Suedlohn II"]
[WhiteTeamCountry "GER"]
[BlackTeamCountry "GER"]

1. e4 d6 2. d4 Nf6 3. Nc3 g6 4. Be3 Bg7 5. Qd2 c6 6. Bd3 Ng4 7. Nf3 Nxe3 8. Qxe3 0-0 9. 0-0 Nd7 10. Rad1 e5 11. d5 c5 12. Nd2 f5 13. f3 f4 14. Qf2 g5 15. Nc4 Rf6 16. Nb5 Bf8 17. a4 Rg6 18. Rfe1 Nf6 19. b4 b6 20. bxc5 bxc5 21. Kf1 g4 22. Ke2 a6 23. Nc3 Nh5 24. Kd2 g3 25. Qg1 gxh2 26. Qxh2 Ng3 27. Ne2 Ra7 28. Nxg3 fxg3 29. Qg1 Bh6+ 30. Kc3 Bd7 31. Ra1 Rb7 32. Reb1 Rxb1 33. Qxb1 Bf4 34. Qb6 Qe7 35. Qc7 Kf7 36. Rh1 h6 37. Nb6 Be8 38. Qxe7+ Kxe7 39. Bxa6 Kd8 40. Bb5 Bxb5 41. axb5 Rg7 42. Nc4 Rb7 43. b6 Kd7 44. Ra1 1-0

[Event "Muensterland Verbandsliga 1617"]
[Site "Germany"]
[Date "2017.01.28"]
[Round "6.1"]
[White "Schulze Ameling, Hendrik"]
[Black "Hegemann, Eike"]
[Result "1-0"]
[WhiteElo "1998"]
[BlackElo "1987"]
[PlyCount "61"]
[EventDate "2016.09.10"]
[EventType "team"]
[EventRounds "9"]
[EventCountry "GER"]
[SourceTitle "EXT 2018"]
[Source "ChessBase"]
[SourceDate "2017.10.13"]
[SourceVersion "1"]
[SourceVersionDate "2017.10.13"]
[SourceQuality "1"]
[WhiteTeam "Ahaus Wessum"]
[BlackTeam "Saerbeck"]
[WhiteTeamCountry "GER"]
[BlackTeamCountry "GER"]

1. d4 d5 2. Nf3 Nf6 3. c4 e6 4. Nc3 Be7 5. e3 0-0 6. Bd3 c6 7. b3 Bb4 8. Bd2 dxc4 9. bxc4 c5 10. 0-0 Nc6 11. a3 Ba5 12. Be1 Qe7 13. Qc2 Rd8 14. dxc5 e5 15. Ng5 h6 16. Nd5 Nxd5 17. cxd5 Qxg5 18. f4 exf4 19. dxc6 Bc7 20. cxb7 Bxb7 21. c6 Bc8 22. exf4 Bxf4 23. Be4 Bc7 24. Rb1 Re8 25. Rb4 a5 26. Bh4 Bxh2+ 27. Kh1 Qe5 28. Bh7+ Kf8 29. Re4 Qc7 30. Qc5+ Bd6 31. Rxf7+ 1-0

[Event "Muensterland Verbandsliga 1617"]
[Site "Germany"]
[Date "2016.10.01"]
[Round "2.1"]
[White "Hegemann, Eike"]
[Black "Hofene, Dieter"]
[Result "1/2-1/2"]
[WhiteElo "1987"]
[BlackElo "2010"]
[PlyCount "141"]
[EventDate "2016.09.10"]
[EventType "team"]
[EventRounds "9"]
[EventCountry "GER"]
[SourceTitle "EXT 2018"]
[Source "ChessBase"]
[SourceDate "2017.10.13"]
[SourceVersion "1"]
[SourceVersionDate "2017.10.13"]
[SourceQuality "1"]
[WhiteTeam "Saerbeck"]
[BlackTeam "Beelen"]
[WhiteTeamCountry "GER"]
[BlackTeamCountry "GER"]

1. e4 c6 2. d4 d5 3. exd5 cxd5 4. Bd3 Nc6 5. c3 Nf6 6. Bf4 Bg4 7. Qb3 Qc8 8. Nd2 e6 9. Ngf3 Be7 10. 0-0 0-0 11. Rfe1 Bh5 12. Rac1 Bg6 13. Bxg6 hxg6 14. c4 dxc4 15. Nxc4 Nd5 16. Bd6 Rd8 17. Bxe7 Ndxe7 18. Nce5 Rd5 19. Ng5 f6 20. Nxc6 bxc6 21. Nxe6 Qb8 22. Qc4 Qd6 23. Re2 Rb8 24. a3 Nf5 25. Rc3 Rb7 26. g3 g5 27. Qxc6 Qxc6 28. Rxc6 Nxd4 29. Nxd4 Rxd4 30. Kg2 Kf7 31. Rec2 Rdd7 32. b4 Kg6 33. R2c4 Rd3 34. a4 Ra3 35. a5 Rb3 36. Rc7 R3xb4 37. a6 R7b6 38. Rxb4 Rxb4 39. Rxa7 Ra4 40. Ra8 g4 41. h3 gxh3+ 42. Kxh3 Ra2 43. f3 Kf5 44. Ra7 g6 45. Ra8 Kg5 46. g4 Kf4 47. a7 f5 48. Rg8 fxg4+ 49. fxg4 Ra3+ 50. Kh4 Rxa7 51. Rf8+ Ke5 52. Kg5 Ra4 53. Re8+ Kd6 54. Rg8 Ke7 55. Rxg6 Kf7 56. Rb6 Kg7 57. Rb7+ Kg8 58. Kf5 Ra5+ 59. Kg6 Ra6+ 60. Kh5 Ra5+ 61. g5 Ra6 62. Re7 Rc6 63. Kg4 Kf8 64. Re5 Kg7 65. Kf5 Ra6 66. Re7+ Kf8 67. Re6 Rxe6 68. Kxe6 Kg7 69. Kf5 Kf7 70. g6+ Kg7 71. Kg5 1/2-1/2

[Event "Muensterland Verbandsliga 1516"]
[Site "Germany"]
[Date "2016.03.05"]
[Round "7.1"]
[White "Berger, Alfred Josef"]
[Black "Hegemann, Eike"]
[Result "1/2-1/2"]
[WhiteElo "1939"]
[BlackElo "1985"]
[PlyCount "34"]
[EventDate "2015.09.12"]
[EventType "team"]
[EventRounds "9"]
[EventCountry "GER"]
[SourceTitle "EXT 2017"]
[Source "ChessBase"]
[SourceDate "2016.10.25"]
[SourceVersion "1"]
[SourceVersionDate "2016.10.25"]
[SourceQuality "1"]
[WhiteTeam "Heiden"]
[BlackTeam "Saerbeck"]
[WhiteTeamCountry "GER"]
[BlackTeamCountry "GER"]

1. Nf3 d5 2. d4 Nf6 3. c4 e6 4. g3 Be7 5. Bg2 0-0 6. 0-0 dxc4 7. Ne5 Nc6 8. Bxc6 bxc6 9. Nxc6 Qe8 10. Nxe7+ Qxe7 11. Qa4 e5 12. dxe5 Qxe5 13. Nc3 Bh3 14. Rd1 Ne4 15. Qxc4 Nxc3 16. bxc3 Rfe8 17. Be3 Rab8 1/2-1/2

[Event "Muensterland Verbandsliga 1516"]
[Site "Germany"]
[Date "2015.11.21"]
[Round "3.1"]
[White "Hegemann, Eike"]
[Black "Hofene, Dieter"]
[Result "1/2-1/2"]
[WhiteElo "1985"]
[BlackElo "1963"]
[PlyCount "97"]
[EventDate "2015.09.12"]
[EventType "team"]
[EventRounds "9"]
[EventCountry "GER"]
[SourceTitle "EXT 2017"]
[Source "ChessBase"]
[SourceDate "2016.10.25"]
[SourceVersion "1"]
[SourceVersionDate "2016.10.25"]
[SourceQuality "1"]
[WhiteTeam "Saerbeck"]
[BlackTeam "Beelen"]
[WhiteTeamCountry "GER"]
[BlackTeamCountry "GER"]

1. e4 c6 2. d4 d5 3. exd5 cxd5 4. Bd3 Nc6 5. c3 Nf6 6. Bf4 Bg4 7. Nf3 Qb6 8. b4 e6 9. 0-0 Be7 10. Nbd2 0-0 11. b5 Na5 12. Qc2 Rac8 13. Ne5 Bh5 14. Bg5 Qc7 15. Rac1 Ba3 16. Ndf3 Bxc1 17. Rxc1 Ne4 18. Bf4 Qe7 19. Bxe4 dxe4 20. Qxe4 f6 21. Nd3 Bg6 22. Qe2 Rfe8 23. Nc5 e5 24. Bd2 b6 25. Nb3 Nxb3 26. axb3 Bh5 27. Qe4 Bxf3 28. gxf3 exd4 29. Qxd4 Red8 30. Qf4 Qe5 31. Qxe5 fxe5 32. Rc2 Rd3 33. Kg2 Kf7 34. Ra2 Ke6 35. Be1 Rc7 36. b4 Kd5 37. Re2 Rc4 38. Ra2 Rd1 39. Bd2 Rc7 40. f4 e4 41. c4+ Ke6 42. Be3 Rb1 43. Ra4 Kf5 44. c5 bxc5 45. Bxc5 Rb7 46. Bxa7 Rxb5 47. Bc5 Rb2 48. Ra7 Kxf4 49. Rxg7 1/2-1/2

[Event "Muensterland Verbandsliga 1415"]
[Site "Germany"]
[Date "2014.12.20"]
[Round "5.1"]
[White "Hegemann, Eike"]
[Black "Wienen, Hermann"]
[Result "0-1"]
[WhiteElo "2019"]
[BlackElo "1944"]
[PlyCount "38"]
[EventDate "2014.09.06"]
[EventType "team-tourn"]
[EventRounds "9"]
[EventCountry "GER"]
[SourceTitle "EXT 2016"]
[Source "ChessBase"]
[SourceDate "2015.10.08"]
[SourceVersion "1"]
[SourceVersionDate "2015.10.08"]
[SourceQuality "1"]
[WhiteTeam "Saerbeck"]
[BlackTeam "Heiden"]
[WhiteTeamCountry "GER"]
[BlackTeamCountry "GER"]

1. e4 e5 2. Nf3 Nc6 3. Bb5 a6 4. Ba4 Nf6 5. d3 b5 6. Bb3 Be7 7. 0-0 0-0 8. Re1 d6 9. c3 Na5 10. Bc2 c5 11. Nbd2 Bg4 12. h3 Bh5 13. Nf1 Nc6 14. g4 Bg6 15. Ng3 Qd7 16. Nh4 d5 17. Qf3 Nxe4 18. Nxe4 dxe4 19. Qg3 Bxh4 0-1

[Event "Muensterland Verbandsliga 1314"]
[Site "Germany"]
[Date "2014.05.03"]
[Round "9.1"]
[White "Hegemann, Eike"]
[Black "Haselhorst, Helmut"]
[Result "0-1"]
[WhiteElo "2009"]
[BlackElo "2060"]
[PlyCount "70"]
[EventDate "2013.09.07"]
[EventType "team-tourn"]
[EventRounds "9"]
[EventCountry "GER"]
[SourceTitle "EXT 2015"]
[Source "ChessBase"]
[SourceDate "2014.11.20"]
[SourceVersion "1"]
[SourceVersionDate "2014.11.20"]
[SourceQuality "1"]
[WhiteTeam "Saerbeck"]
[BlackTeam "Ostbevern Westbevern"]
[WhiteTeamCountry "GER"]
[BlackTeamCountry "GER"]

1. e4 c6 2. d4 d5 3. e5 Bf5 4. Nc3 Qb6 5. Na4 Qa5+ 6. c3 e6 7. Qb3 b5 8. Nc5 Bxc5 9. dxc5 Nd7 10. Nf3 Nxc5 11. Qd1 Qc7 12. Qd4 Nd7 13. a4 bxa4 14. Be2 Ne7 15. 0-0 0-0 16. g4 Bg6 17. Bf4 Nb6 18. Nh4 Bc2 19. Bg3 c5 20. Qd2 Bb3 21. f4 f5 22. exf6 Rxf6 23. g5 Rff8 24. f5 Qd7 25. f6 Nf5 26. Nxf5 exf5 27. fxg7 Qxg7 28. Bd3 Nc4 29. Qf4 Rae8 30. Rae1 Nxb2 31. Bxf5 Rxe1 32. Bxe1 d4 33. Qd6 Qxg5+ 34. Kh1 Rxf5 35. Qb8+ Kg7 0-1

[Event "Muensterland Verbandsliga 1314"]
[Site "Germany"]
[Date "2014.02.01"]
[Round "6.1"]
[White "Schneider, Manfred"]
[Black "Hegemann, Eike"]
[Result "1/2-1/2"]
[WhiteElo "1991"]
[BlackElo "2009"]
[PlyCount "55"]
[EventDate "2013.09.07"]
[EventType "team-tourn"]
[EventRounds "9"]
[EventCountry "GER"]
[SourceTitle "EXT 2015"]
[Source "ChessBase"]
[SourceDate "2014.11.20"]
[SourceVersion "1"]
[SourceVersionDate "2014.11.20"]
[SourceQuality "1"]
[WhiteTeam "Muenster Indische Dame"]
[BlackTeam "Saerbeck"]
[WhiteTeamCountry "GER"]
[BlackTeamCountry "GER"]

1. e4 c5 2. Nc3 d6 3. Bb5+ Bd7 4. Bc4 e6 5. f4 a6 6. a4 Ne7 7. Nf3 g6 8. d4 Bg7 9. Be3 Qc7 10. dxc5 dxc5 11. 0-0 0-0 12. Qd2 Nbc6 13. e5 Nf5 14. Bf2 Ncd4 15. Ng5 Bc6 16. Bd3 h6 17. Nge4 c4 18. Nf6+ Bxf6 19. Bxf5 exf5 20. Bxd4 Bg7 21. a5 Qd7 22. Qe3 Rfe8 23. Rfe1 Rad8 24. Rad1 Qe6 25. Qg3 Re7 26. Bb6 Rxd1 27. Rxd1 Rd7 28. Rxd7 1/2-1/2

[Event "Muensterland Verbandsliga 1314"]
[Site "Germany"]
[Date "2014.01.18"]
[Round "5.1"]
[White "Rosing, Hermann"]
[Black "Hegemann, Eike"]
[Result "0-1"]
[WhiteElo "1997"]
[BlackElo "2009"]
[PlyCount "64"]
[EventDate "2013.09.07"]
[EventType "team-tourn"]
[EventRounds "9"]
[EventCountry "GER"]
[SourceTitle "EXT 2015"]
[Source "ChessBase"]
[SourceDate "2014.11.20"]
[SourceVersion "1"]
[SourceVersionDate "2014.11.20"]
[SourceQuality "1"]
[WhiteTeam "Ahaus Wessum"]
[BlackTeam "Saerbeck"]
[WhiteTeamCountry "GER"]
[BlackTeamCountry "GER"]

1. e4 c5 2. Nf3 d6 3. d4 cxd4 4. Nxd4 Nf6 5. Nc3 Nc6 6. f3 e6 7. Be3 Be7 8. Qd2 0-0 9. 0-0-0 a6 10. g4 Qc7 11. g5 Nd7 12. h4 b5 13. Qf2 Nxd4 14. Bxd4 b4 15. Ne2 Bb7 16. Ng3 a5 17. Kb1 Rfc8 18. Bd3 Nc5 19. Rhg1 a4 20. Nh5 Nxd3 21. cxd3 b3 22. Rc1 bxa2+ 23. Kxa2 Qa5 24. Bc3 Qb5 25. Qd4 Qb3+ 26. Kb1 e5 27. Qb4 Ba6 28. Rgd1 Rab8 29. Qxb3 Rxb3 30. Kc2 d5 31. exd5 Bb4 32. Rd2 Bxc3 0-1

[Event "Muensterland Verbandsliga 1314"]
[Site "Germany"]
[Date "2013.12.07"]
[Round "4.1"]
[White "Hegemann, Eike"]
[Black "Hofene, Dieter"]
[Result "1-0"]
[WhiteElo "2009"]
[BlackElo "1995"]
[PlyCount "59"]
[EventDate "2013.09.07"]
[EventType "team-tourn"]
[EventRounds "9"]
[EventCountry "GER"]
[SourceTitle "EXT 2015"]
[Source "ChessBase"]
[SourceDate "2014.11.20"]
[SourceVersion "1"]
[SourceVersionDate "2014.11.20"]
[SourceQuality "1"]
[WhiteTeam "Saerbeck"]
[BlackTeam "Beelen"]
[WhiteTeamCountry "GER"]
[BlackTeamCountry "GER"]

1. e4 e6 2. d4 d5 3. Nc3 Nf6 4. Bg5 Bb4 5. e5 h6 6. Be3 Ne4 7. Qg4 g6 8. a3 Bxc3+ 9. bxc3 c5 10. Bd3 h5 11. Qf3 Nxc3 12. Nh3 Ne4 13. 0-0 cxd4 14. Bc1 Qh4 15. Re1 g5 16. Bxe4 g4 17. Qf4 Qe7 18. Ng5 dxe4 19. Nxe4 Nc6 20. a4 a5 21. Nf6+ Kd8 22. Ba3 Qc7 23. Bd6 Qb6 24. Nd5 exd5 25. Qf6+ Ke8 26. Qxh8+ Kd7 27. Qxh5 Nd8 28. Rab1 Qc6 29. Qf5+ Ke8 30. Qf6 1-0

[Event "Muensterland Verbandsklasse-B 1213"]
[Site "Germany"]
[Date "2013.02.23"]
[Round "6.1"]
[White "Mueller, Achim"]
[Black "Hegemann, Eike"]
[Result "1/2-1/2"]
[WhiteElo "1980"]
[BlackElo "2001"]
[PlyCount "53"]
[EventDate "2012.09.15"]
[EventType "team-tourn"]
[EventRounds "9"]
[EventCountry "GER"]
[SourceTitle "EXT 2015"]
[Source "ChessBase"]
[SourceDate "2014.11.20"]
[SourceVersion "1"]
[SourceVersionDate "2014.11.20"]
[SourceQuality "1"]
[WhiteTeam "Rheine Klein Berlin II"]
[BlackTeam "Saerbeck"]
[WhiteTeamCountry "GER"]
[BlackTeamCountry "GER"]

1. Nf3 d5 2. d4 Nf6 3. c4 e6 4. Nc3 c6 5. e3 Nbd7 6. Qc2 Bd6 7. g4 dxc4 8. g5 Nd5 9. Bxc4 e5 10. Bd2 Nb4 11. Qb3 f5 12. dxe5 Nc5 13. Bf7+ Kf8 14. Qc4 Nbd3+ 15. Ke2 Nxb2 16. Qd4 Kxf7 17. exd6 Ncd3 18. Rab1 c5 19. Qd5+ Be6 20. Qxb7+ Kf8 21. Nd5 Rb8 22. Qe7+ Qxe7 23. dxe7+ Ke8 24. Nc7+ Kxe7 25. Nxe6 Kxe6 26. Bc3 Rb7 27. Nd2 1/2-1/2

[Event "Muensterland Verbandsliga 1011"]
[Site "Germany"]
[Date "2011.03.26"]
[Round "8.1"]
[White "Hagemann, Elmar"]
[Black "Hegemann, Eike"]
[Result "1-0"]
[WhiteElo "2054"]
[BlackElo "2043"]
[PlyCount "57"]
[EventDate "2010.09.25"]
[EventType "team-tourn"]
[EventRounds "9"]
[EventCountry "GER"]
[SourceTitle "EXT 2012"]
[Source "ChessBase"]
[SourceDate "2011.11.24"]
[SourceVersion "1"]
[SourceVersionDate "2011.11.24"]
[SourceQuality "1"]
[WhiteTeam "Sendenhorst"]
[BlackTeam "Saerbeck"]
[WhiteTeamCountry "GER"]
[BlackTeamCountry "GER"]

1. d4 d5 2. c4 e6 3. Nc3 Nf6 4. cxd5 exd5 5. Bg5 c6 6. Qc2 Na6 7. a3 Nc7 8. Nf3 Ne6 9. Bh4 Be7 10. e3 0-0 11. Bd3 g6 12. h3 Ng7 13. g4 Be6 14. Rd1 Nd7 15. Bg3 f5 16. g5 Nh5 17. Bf4 Nxf4 18. exf4 Qc7 19. Qd2 Bd6 20. Ne2 Rfe8 21. Kf1 c5 22. h4 Bf7 23. h5 cxd4 24. hxg6 hxg6 25. Bxf5 gxf5 26. Qxd4 Kf8 27. Rh7 Re7 28. Qg7+ Ke8 29. Rh8+ 1-0

[Event "Muensterland Verbandsliga 1011"]
[Site "Germany"]
[Date "2011.02.26"]
[Round "7.1"]
[White "Hegemann, Eike"]
[Black "Wienen, Hermann"]
[Result "1/2-1/2"]
[WhiteElo "2043"]
[BlackElo "1974"]
[PlyCount "40"]
[EventDate "2010.09.25"]
[EventType "team-tourn"]
[EventRounds "9"]
[EventCountry "GER"]
[SourceTitle "EXT 2012"]
[Source "ChessBase"]
[SourceDate "2011.11.24"]
[SourceVersion "1"]
[SourceVersionDate "2011.11.24"]
[SourceQuality "1"]
[WhiteTeam "Saerbeck"]
[BlackTeam "Heiden"]
[WhiteTeamCountry "GER"]
[BlackTeamCountry "GER"]

1. e4 e5 2. Nf3 Nc6 3. Bb5 a6 4. Ba4 Nf6 5. 0-0 b5 6. Bb3 Be7 7. Re1 0-0 8. a4 b4 9. d3 d6 10. Nbd2 Bg4 11. h3 Bh5 12. c3 Rb8 13. g4 Bg6 14. Nc4 Qd7 15. Ne3 Na5 16. Bc2 b3 17. Bb1 h5 18. Nh4 Nh7 19. Nhf5 Bg5 20. Qf3 hxg4 1/2-1/2

[Event "Muensterland Verbandsliga 1011"]
[Site "Germany"]
[Date "2010.09.25"]
[Round "1.1"]
[White "Schneider, Manfred"]
[Black "Hegemann, Eike"]
[Result "1/2-1/2"]
[WhiteElo "1981"]
[BlackElo "2043"]
[PlyCount "85"]
[EventDate "2010.09.25"]
[EventType "team-tourn"]
[EventRounds "9"]
[EventCountry "GER"]
[SourceTitle "EXT 2012"]
[Source "ChessBase"]
[SourceDate "2011.11.24"]
[SourceVersion "1"]
[SourceVersionDate "2011.11.24"]
[SourceQuality "1"]
[WhiteTeam "Muenster Indische Dame"]
[BlackTeam "Saerbeck"]
[WhiteTeamCountry "GER"]
[BlackTeamCountry "GER"]

1. e4 c5 2. Nc3 d6 3. f4 g6 4. Nf3 Bg7 5. Bc4 e6 6. 0-0 Ne7 7. Qe1 0-0 8. d3 Nbc6 9. Qh4 d5 10. Bb3 Nd4 11. Nxd4 cxd4 12. Nd1 a5 13. a4 Nc6 14. Qg3 dxe4 15. dxe4 Qc7 16. Nf2 b6 17. Nd3 Ba6 18. Bd2 Ne7 19. Qh4 Rae8 20. Rf3 Bc4 21. Rh3 f6 22. Qxh7+ Kf7 23. Qh4 Rh8 24. Qg3 Rxh3 25. Qxh3 Bxb3 26. cxb3 Qc2 27. Be1 Kf8 28. b4 Qe2 29. bxa5 bxa5 30. Bxa5 Qxe4 31. Re1 Qd5 32. Bb4 Kf7 33. Qf3 Qxf3 34. gxf3 Nd5 35. Bd2 Bh6 36. Bc1 Ra8 37. f5 Bxc1 38. fxe6+ Ke7 39. Rxc1 Rxa4 40. Re1 g5 41. Re4 Ne3 42. Kf2 Rc4 43. Kg3 1/2-1/2

[Event "Muensterland-ch"]
[Site "Muenster"]
[Date "2010.04.04"]
[Round "5"]
[White "Hegemann, Eike"]
[Black "Hemmert, Michael"]
[Result "1-0"]
[WhiteElo "2116"]
[BlackElo "1877"]
[PlyCount "51"]
[EventDate "2010.04.02"]
[EventType "swiss"]
[EventRounds "7"]
[EventCountry "GER"]
[SourceTitle "CBM 136 Extra"]
[Source "ChessBase"]
[SourceDate "2010.07.02"]
[SourceVersion "2"]
[SourceVersionDate "2010.07.15"]
[SourceQuality "1"]

1. e4 g6 2. d4 Bg7 3. Nc3 d6 4. Be3 Nf6 5. Qd2 0-0 6. f3 c6 7. 0-0-0 Qc7 8. Bh6 b5 9. h4 b4 10. Nce2 e5 11. Bxg7 Kxg7 12. Qxb4 Na6 13. Qc3 Be6 14. Kb1 Rab8 15. Nc1 exd4 16. Qxd4 Nc5 17. e5 Qa5 18. exf6+ Kg8 19. Nb3 Nxb3 20. cxb3 Rxb3 21. axb3 Bxb3 22. Be2 Re8 23. Qc3 Qa2+ 24. Kc1 c5 25. Rxd6 h5 26. Ra6 1-0